|
|
|
|
| LEADER |
00881Cam#a22002895a#4500 |
| 001 |
028431 |
| 003 |
AR-BeUNQ |
| 005 |
20250217100346.0 |
| 008 |
160215s1995||||ag a |#||||#000|jdspa#d |
| 999 |
|
|
|c 25679
|d 101066
|
| 040 |
|
|
|a AR-BeUNQ
|e aacr
|
| 082 |
0 |
4 |
|a Ch861
|2 21
|
| 100 |
1 |
|
|a Parra, Nicanor,
|d 1914-
|
| 245 |
0 |
2 |
|a Antología /
|c Nicanor Parra ; ilustraciones Rosa Mena Valenzuela.
|
| 260 |
|
|
|a Buenos Aires :
|b Página 12,
|c 1995.
|
| 300 |
|
|
|a [24] p. :
|b il. ;
|c 24 cm.
|
| 490 |
1 |
|
|a Periolibros
|
| 500 |
|
|
|a Título tomado de la cubierta.
|
| 592 |
|
|
|a Fondo Reservado
|
| 650 |
|
7 |
|a Literatura (Arte)
|2 spines
|
| 650 |
|
7 |
|a Literatura latinoamericana
|2 ttll
|
| 650 |
|
7 |
|a Poesía
|2 ttll
|
| 651 |
|
7 |
|a Chile
|2 spines
|
| 700 |
1 |
|
|a Mena Valenzuela, Rosa,
|e il.
|
| 830 |
|
0 |
|a Periolibros.
|
| 929 |
|
|
|a DONACION
|b Inés Vázquez
|d 40,00
|e 20150305
|g 2758
|j 54077
|
| 942 |
|
|
|c LIB
|n 0
|